Regionální vývoj plodnosti v období 1990/91-2000/01
Pokles plodnosti a jej následná stagnácia v Českej republike po roku 1989. Rýchla sociálno-ekonomická diferenciácia celej spoločnosti. Regionálne rozdiely v úrovni plodnosti. Štandardizované indexy plodnosti v okresoch v období 1990-2001. Regionálne rozdiely v priemernom veku matiek pri narodení di...
Salvato in:
| Autore principale: | |
|---|---|
| Natura: | Capitolo di libro |
| Lingua: | ceco |
| Soggetti: | |
| Tags: |
Nessun Tag, puoi essere il primo ad aggiungerne!!
|
MARC
| LEADER | 00000naa$a2200000$$$4500 | ||
|---|---|---|---|
| 001 | 0003177 | ||
| 005 | 20230918121938.1 | ||
| 041 | 0 | |a cze | |
| 044 | |a CZ | ||
| 245 | 1 | 0 | |a Regionální vývoj plodnosti v období 1990/91-2000/01 |c aut. Terezie Kretschmerová |
| 520 | |a Pokles plodnosti a jej následná stagnácia v Českej republike po roku 1989. Rýchla sociálno-ekonomická diferenciácia celej spoločnosti. Regionálne rozdiely v úrovni plodnosti. Štandardizované indexy plodnosti v okresoch v období 1990-2001. Regionálne rozdiely v priemernom veku matiek pri narodení dieťaťa. Celková plodnosť a priemerný vek matiek pri narodení dieťaťa v krajoch a okresoch v období 1990-2001. Okresy s najvyššou a najnižšou celkovou plodnosťou. Prehľad diferenčných faktorov. Regionálne rozdiely v mimomanželskej pôrodnosti. | ||
| 610 | 2 | 0 | |a demografia |
| 610 | 2 | 0 | |a populácia |
| 610 | 2 | 0 | |a vývoj populačný |
| 610 | 2 | 0 | |a pôrodnosť |
| 610 | 2 | 0 | |a štatistika demografická |
| 610 | 2 | 0 | |a Česko |
| 610 | 2 | 0 | |a regióny |
| 610 | 2 | 0 | |a kraje |
| 610 | 2 | 0 | |a okresy |
| 610 | 2 | 0 | |a reprodukcia obyvateľstva |
| 100 | 1 | |a Kretschmerová, Terezie | |